| 000 | 00364nam a2200133 a 4500 | ||
|---|---|---|---|
| 001 | 5539 | ||
| 003 | CDMR | ||
| 005 | 20130926121028.0 | ||
| 008 | 130130s1928||||||||||||||||||||||||||||d | ||
| 040 |
_aCDMR _bcat _cCDMR |
||
| 245 | 0 |
_aVI Congrés de la Premsa Catalano-Balear _b: Sabadell |
|
| 260 |
_aSabadell _c1928 _bAssociació de la Premsa de Sabadell |
||
| 942 |
_cMON _2udc |
||
| 999 |
_c5539 _d5539 |
||